Nomi degli animali in giro per il mondo - Statistics

Statistiche generali
  • Questo quiz è stato fatto 83 volte
  • Il punteggio medio è 24 su 105
Statistiche sulle risposte
Risposta % Corretto
Dog
100%
Cat
97%
Horse
95%
Bear
94%
Pig
94%
Mus
92%
Bird
90%
Fisch
90%
Fish
90%
Mouse
89%
Monkey
84%
Sheep
84%
Frog
82%
Snake
79%
Dolphin
76%
Bat
73%
Turtle
69%
Perro
58%
Gato
53%
Chat
52%
Delphin
44%
Caballo
42%
Delfín
37%
Canis
35%
Chien
32%
Rana
31%
Cheval
23%
Serpent
23%
Cerdo
21%
Rato
21%
Katze
19%
Hund
18%
Pez
18%
Tortuga
18%
Maus
16%
Poisson
16%
Equus|Caballus
13%
Ours
13%
Cattus|Feles
11%
Cavalo
11%
Mono
11%
Oso
11%
Serpiente
11%
Oiseau
10%
Piscis
10%
Porco
10%
Porcus|Sus
10%
Ratón
10%
Neko
8%
Oveja
8%
Ovis
8%
Avis
6%
Cochon
6%
Inu
6%
Pferd
6%
Ursus
6%
Vogel
6%
Cachorro
5%
Dauphin
5%
Delphinus
5%
Murciélago
5%
Pájaro
5%
Simia
5%
Tartaruga
5%
Frosch
3%
Mouton
3%
Schlange
3%
Souris
3%
Testudo|Chelys
3%
Tortue
3%
Urso
3%
Sapo
2%
Schaf
2%
Schläger|Fledermaus
2%
Schwein
2%
Serpens|Anguis
2%
Singe
2%
Affe
0%
Bastão
0%
Batte|Chauve Souris
0%
Buta
0%
Cobra
0%
Golfinho
0%
Grenouille
0%
Hebi
0%
Hitsuji
0%
Iruka
0%
Kaeru
0%
Kame
0%
Koumori
0%
Kuma
0%
Macaco
0%
Nezumi
0%
Ovelha
0%
Pássaro
0%
Peixe
0%
Sakana
0%
Saru
0%
Schildkröte
0%
Tori
0%
Tragen
0%
Uma
0%
Vespertillo
0%
Nessun quiz corrispondente trovato
Distribuzione punteggi
Percentuale di utenti per punteggio
Percentile per numero di risposta
I tuoi punteggi nel tempo
Non hai fatto questo quiz